[Event "71st RUS-ch Superfinal Women 2021"]
[Site "Ufa"]
[Date "2021.10.19"]
[Round "10.4"]
[White "Guseva, Marina"]
[Black "Voit, Daria"]
[Result "1-0"]
[WhiteElo "2394"]
[BlackElo "2357"]
[Annotator "TA"]
[PlyCount "77"]
[EventDate "2021.10.09"]
[EventType "tourn"]
[EventCountry "RUS"]
[SourceTitle "playchess.com"]
[Source "ChessBase"]
[SourceQuality "1"]

{[%evp 17,77,7,26,0,0,-1,0,-10,-5,-60,-68,-65,-48,-53,-61,-52,0,0,0,0,52,0,0,0,
0,0,62,40,62,60,60,74,132,115,329,314,320,311,825,820,779,766,783,795,29990,
29990,29991,29991,29992,29987,29987,29988,29988,29989,29989,29989,29989,29984,
29992,29990,29990,29988]} 1. d4 Nf6 2. c4 e6 3. Nf3 d5 4. g3 Bb4+ 5. Nbd2 O-O
6. Bg2 b6 7. O-O Bb7 8. a3 Be7 9. cxd5 $1 {9.cxd5 scores better than 9.b4.}
Bxd5 10. Qc2 {E16: Queen's Indian: 4 g3 Bb7 5 Bg2 Bb4+.} Nbd7 11. e4 Bb7 12. b4
{The position is equal.} c5 {[#]} 13. e5 $146 (13. Rb1 $11) ({Predecessor:} 13.
dxc5 bxc5 14. b5 a6 15. bxa6 Bxa6 16. Rd1 Rc8 17. Bb2 Qc7 18. Bc3 Rfd8 19. a4 {
1-0 (49) Skatchkov,V (2281)-Havanecz,B (2224) Chess.com INT 2021}) 13... Nd5
$15 14. Ne4 cxb4 15. Neg5 {[%csl Gg5][%cal Rc2h7]} g6 16. Qe4 {Threatening Qh4.
} Re8 (16... Kg7 $15 17. axb4 h6) 17. axb4 $14 Bxb4 18. Qh4 Nf8 19. Qh6 (19.
Nd2 $1 $14) 19... a5 $11 20. Ne4 $40 {[%mdl 128] White is up to no good.} f5
21. Bg5 Be7 (21... Qd7 $11 22. Nf6+ Nxf6 23. exf6 Bxf3 24. Bxf3 Ra7) 22. Nd6
$14 {[%mdl 64] Double Attack} Bxg5 23. Nxg5 Re7 24. Rfc1 a4 (24... Rb8 $142)
25. h4 {aiming for h5.} Rg7 $2 {Loses the game.} (25... Qd7 $16 {was called
for.}) 26. Nxb7 $18 Rxb7 {[#]} 27. Rc6 $1 {[%cal Rc6d6]} Qe8 $2 {[#]} (27...
Ra5 28. Nxe6 Nxe6) 28. Rxe6 $3 {[%mdl 576] Remove Defender} Nxe6 29. Bxd5 Re7
30. Bxe6+ {[%mdl 64] Overworked Piece} Rxe6 31. Qxh7+ {White mates.} Kf8 32. d5
Rxe5 33. Qh8+ Ke7 34. Qxe5+ Kd7 35. Ne6 {[%csl Ge6][%cal Re5c7]} Qc8 36. Qg7+
Kd6 37. Qb2 Qa6 38. Qb4+ Kd7 39. Nf8+ {Weighted Error Value: White=0.08/
Black=0.50} 1-0

[Event "71st RUS-ch Superfinal Women 2021"]
[Site "Ufa"]
[Date "2021.10.19"]
[Round "10.5"]
[White "Kashlinskaya, Alina"]
[Black "Pogonina, Natalija"]
[Result "1-0"]
[WhiteElo "2493"]
[BlackElo "2467"]
[Annotator "TA"]
[PlyCount "99"]
[EventDate "2021.10.09"]
[EventType "tourn"]
[EventCountry "RUS"]
[SourceTitle "playchess.com"]
[Source "ChessBase"]
[SourceQuality "1"]

{[%evp 13,99,0,0,0,0,0,0,0,9,2,14,16,8,17,21,3,18,18,14,14,15,10,17,19,25,33,
25,31,26,0,0,0,0,0,17,0,36,37,40,19,18,35,14,0,48,39,106,104,105,91,539,16,18,
17,16,19,19,31,20,16,16,8,586,923,651,0,0,0,29959,29960,29959,29960,29956,6398,
29966,29967,29967,29968,29967,29970,29968,29971,29975,29976,29979,29980,29982,
29983]} 1. d4 Nf6 2. c4 e6 3. Nc3 Bb4 4. Qc2 O-O 5. e4 d5 6. e5 Ne4 7. Bd3 c5
8. Nf3 {E32: Nimzo-Indian: Classical (4 Qc2): 4...0-0.} cxd4 9. Nxd4 Nd7 10.
Bf4 {The position is equal.} Ndc5 11. O-O {[%cal Rd3e4]} Nxd3 12. Qxd3 Bxc3 13.
bxc3 b6 14. cxd5 Qxd5 15. Rfd1 Bb7 16. c4 {16.f3 might become the main line.}
Qa5 17. Nb3 Qb4 18. Be3 Rfc8 19. Rac1 {And now f3 would win.} h6 20. f3 Ng5 {
[#]} 21. h4 $146 ({Predecessor:} 21. Nd4 Rd8 22. Qd2 Qxd2 23. Rxd2 Nh7 24. Kf2
Nf8 25. g3 Nd7 26. f4 Nc5 27. Ke2 {1/2-1/2 (35) Hill,G (2434)-Biedermann,T 
(2451) ICCF email 2018}) 21... Nh7 22. Nd4 Rd8 23. Qe2 Nf8 24. h5 Rac8 25. Nb5
Rxd1+ 26. Rxd1 Rxc4 27. Nd6 Rc7 28. Rd4 Qb1+ 29. Kh2 {[%mdl 1024] White has
compensation.} Rc2 30. Bd2 $1 $16 Bc6 31. Qe3 Nh7 $2 {[%mdl 8192]} ({Avoid the
trap} 31... Qxa2 $2 32. Qf4 $18) (31... Nd7 $16) 32. Rg4 $2 (32. Nc8 $18 Bd5
33. Ne7+ {[%mdl 64] Double Attack} Kh8 34. Qd3) 32... Ng5 $11 33. Rxg5 $40 {
[%mdl 128] White mounts an attack.} hxg5 34. Qxg5 {Threatening mate with h6.}
Rxd2 $1 35. Qxd2 {Threatens to win with Qf4.} Qa1 36. Qf4 f5 37. Qg3 Kf8 $2 {
[%mdl 8192]} (37... Bxf3 $1 $11 {and Black has nothing to worry.} 38. gxf3
Qxa2+ 39. Kh3 Qa1) 38. f4 $1 $18 {White wants to mate with Qg6.} Qxa2 {[#]} 39.
Qg6 $2 (39. Qg5 $1 $18 {[%cal Rg5d8] Intending Qd8+ and mate.} Kg8 {[#]} 40.
Ne8 $1 Qxg2+ 41. Qxg2 Bxg2 42. Kxg2) 39... Kg8 $11 40. Nc8 {Ne7+ is the strong
threat.} (40. h6 {seems wilder.} Qxg2+ 41. Qxg2 Bxg2 42. Kxg2 gxh6 43. Nc8)
40... Qxg2+ $2 {[%mdl 8192]} 41. Qxg2 Bxg2 42. Kxg2 {[%mdl 4096] Endgame KN-KP}
b5 43. Kf2 (43. Kf3 $142 a5 44. Ke3 b4 45. Ne7+ Kf7 46. Nc6 a4 47. Kd3 b3 48.
Kc3) 43... a5 44. Ke3 {White mates.} a4 45. Kd3 b4 46. Kc4 a3 47. Kb3 Kh7 48.
Ne7 Kh6 {[#]} 49. Nxf5+ $1 {[%mdl 512]} Kxh5 (49... Kh7 50. Nd4) 50. Nxg7+ {
[%mdl 64] Double Attack.  Weighted Error Value: White=0.33/Black=0.54} 1-0

[Event "71st RUS-ch Superfinal Women 2021"]
[Site "Ufa"]
[Date "2021.10.19"]
[Round "10.6"]
[White "Garifullina, Leya"]
[Black "Bivol, Alina"]
[Result "1-0"]
[WhiteElo "2409"]
[BlackElo "2392"]
[Annotator "TA"]
[PlyCount "81"]
[EventDate "2021.10.09"]
[EventType "tourn"]
[EventCountry "RUS"]
[SourceTitle "playchess.com"]
[Source "ChessBase"]
[SourceQuality "1"]

{[%evp 12,81,28,6,10,0,0,0,0,-15,-7,-8,-6,-10,36,0,0,0,27,0,22,-14,18,0,0,0,0,
-26,-24,-45,-26,-66,-52,-105,-100,-97,-95,-114,-118,-103,-101,-276,-214,-170,
212,0,0,0,0,0,0,0,0,0,0,0,0,-175,0,0,14,0,93,92,81,77,932,872,29993,29994,
29995,29996]} 1. e4 e6 2. d4 d5 3. Nc3 Bb4 4. e5 c5 5. a3 Bxc3+ 6. bxc3 Nc6 7.
a4 Bd7 {[#] C18: French: 3 Nc3 Bb4: Main line: 7 h4 and 7 Qg4.} 8. Bb5 $146 ({
Predecessor:} 8. Nf3 Qa5 9. Qd2 c4 10. Ba3 Qxa4 11. Be2 Qa5 12. O-O Qd8 13.
Rfb1 b6 14. Rb2 Nge7 15. Rab1 {0-1 (53) Van Gool,J (1912)-Mende,I (2241) ICCF
email 2005}) 8... Qa5 9. Bd2 c4 {The position is equal.} 10. Qc1 Nge7 11. Nf3
h6 12. O-O O-O-O 13. Qb2 g5 14. Rfb1 Rdf8 (14... Qc7 {feels hotter.} 15. h4
gxh4 16. Nxh4 Rdg8 17. Kf1 a6) 15. Qc1 (15. h3 {looks sharper.} Qc7 16. Qa3 Ng6
17. Be3 a6 18. Bxc6 Bxc6 19. a5) 15... Qc7 16. Qe1 a6 (16... Nf5 {is
interesting.} 17. h3 Rfg8 18. Nh2 h5 19. g3 Rg6) 17. Bxc6 Bxc6 18. h3 Rfg8 19.
Qe2 Qd8 20. Nh2 h5 21. Nf1 Ng6 22. Ng3 (22. Nh2 $15) 22... g4 $1 $17 {[%cal
Rg4h3]} 23. hxg4 hxg4 24. Qxg4 {[#]} Nxe5 $1 {[%mdl 512]} 25. Qf4 Ng4 26. Qxf7
(26. f3 $17 Qh4 27. Be1) 26... Bd7 27. Qf4 {[#] White wants to play Qd6.} (27.
Kf1 $2 Rf8 $19) 27... Qh4 $4 {[%mdl 8192] [#]} (27... Nxf2 $1 $19 {[%mdl 512]
and life is good for Black.} 28. Re1 (28. Kxf2 $2 Rf8 $19) (28. Rf1 Rh1+) 28...
Qe7 $1 29. Qxf2 (29. Kxf2 $2 Rf8 $19) 29... Rf8) 28. Rxb7 $3 {[%mdl 512]} Kxb7
$11 29. Qd6 Qd8 30. Rb1+ Ka7 31. Qc5+ $40 {[%mdl 128] White mounts an attack.}
Ka8 {Threatens to win with ...Qf6.} 32. Bf4 $1 Qc8 {And now ...Qxc5 would win.}
({Not} 32... Qh4 33. Qb6 Bb5 34. axb5 Qh2+ 35. Kf1 Qh1+ 36. Nxh1 Rxh1+ 37. Ke2)
33. Qa5 {aiming for Rb6.} e5 (33... Bc6 $5 34. Rb8+ $8 Qxb8 35. Bxb8 Kxb8 $11)
34. dxe5 {[#]} (34. Rb6 $11 Ka7 35. dxe5) 34... Rg6 $2 (34... Bc6 $1 $19 35. e6
Bb7) 35. f3 Rf8 36. Nh5 Qc6 37. fxg4 $16 {Hoping for Nf6.} Qxa4 38. Qxd5+ Bc6
$2 {[%mdl 8192]} (38... Qc6 $16 39. Qd4 Rxg4) 39. Qc5 $18 Rc8 40. Be3 {[%csl
Ge3][%cal Rc5a7]} Rc7 41. Qb6 {[%csl Gb1][%cal Rb6b8] What a bad dream for
Black.  Weighted Error Value: White=0.25/Black=0.42} 1-0

[Event "71st RUS-ch Superfinal Women 2021"]
[Site "Ufa"]
[Date "2021.10.20"]
[Round "11.1"]
[White "Bivol, Alina"]
[Black "Ovod, Evgenija"]
[Result "1/2-1/2"]
[WhiteElo "2392"]
[BlackElo "2331"]
[Annotator "ChessBase"]
[PlyCount "76"]
[EventDate "2021.10.09"]
[EventType "tourn"]
[EventCountry "RUS"]
[SourceTitle "playchess.com"]
[Source "ChessBase"]
[SourceQuality "1"]
[TimeControl "40/5400+30:1800+30"]

1. e4 {[%emt 0:00:08]} e5 {[%emt 0:00:04]} 2. f4 {[%emt 0:00:14]} exf4 {
[%emt 0:00:10]} 3. Nf3 {[%emt 0:00:07]} d5 {[%emt 0:00:08]} 4. exd5 {[%emt 0:
00:08]} Nf6 {[%emt 0:00:07]} 5. Bb5+ {[%emt 0:00:03]} c6 {[%emt 0:00:08]} 6.
dxc6 {[%emt 0:00:06]} Nxc6 {[%emt 0:00:37]} 7. Nc3 {[%emt 0:00:07]} Bd6 {
[%emt 0:00:41]} 8. Qe2+ {[%emt 0:00:06]} Be6 {[%emt 0:00:17]} 9. Nd4 {[%emt 0:
00:17]} O-O {[%emt 0:00:31]} 10. Nxe6 {[%emt 0:00:03]} fxe6 {[%emt 0:00:07]}
11. Bxc6 {[%emt 0:00:03]} bxc6 {[%emt 0:00:06]} 12. b3 {[%emt 0:00:02]} Kh8 {
[%emt 0:27:01]} 13. Bb2 {[%emt 0:01:00]} Qe7 {[%emt 0:08:16]} 14. O-O-O {
[%emt 0:02:24]} Ba3 {[%emt 0:12:01]} 15. Rhe1 {[%emt 0:03:25]} Rae8 {[%emt 0:
00:26]} 16. Qc4 {[%emt 0:04:44]} Ng4 {[%emt 0:02:30]} 17. Re2 {[%emt 0:00:48]}
Nxh2 {[%emt 0:02:12]} 18. Rh1 {[%emt 0:09:35]} f3 {[%emt 0:03:42]} 19. gxf3 {
[%emt 0:00:54]} Nxf3 {[%emt 0:00:03]} 20. Qa4 {[%emt 0:03:58]} Bxb2+ {[%emt 0:
03:25]} 21. Kxb2 {[%emt 0:00:36]} h6 {[%emt 0:00:10]} 22. Qe4 {[%emt 0:05:06]}
e5 {[%emt 0:03:36]} 23. Rg2 {[%emt 0:03:17]} Rf6 {[%emt 0:01:45]} 24. Rh3 {
[%emt 0:02:01]} Qf7 {[%emt 0:04:23]} 25. Qe3 {[%emt 0:05:33]} Rf8 {[%emt 0:05:
16]} 26. Rgg3 {[%emt 0:06:57]} Rf4 {[%emt 0:02:25]} 27. Ne2 {[%emt 0:06:35]}
Rf5 {[%emt 0:00:15]} 28. Rg4 {[%emt 0:05:30]} Rh5 {[%emt 0:03:49]} 29. Rxh5 {
[%emt 0:11:28]} Qxh5 {[%emt 0:00:03]} 30. Ra4 {[%emt 0:00:19]} Qg6 {[%emt 0:00:
43]} 31. Rxa7 {[%emt 0:04:53]} h5 {[%emt 0:00:04]} 32. Qc5 {[%emt 0:00:27]} Rf6
{[%emt 0:01:42]} 33. Ra8+ {[%emt 0:06:29]} Kh7 {[%emt 0:00:04]} 34. Qc4 {
[%emt 0:00:12]} h4 {[%emt 0:01:05]} 35. Qg8+ {[%emt 0:00:39]} Kh6 {[%emt 0:00:
04]} 36. Qc4 {[%emt 0:01:21]} Kh7 {[%emt 0:03:24]} 37. Qg8+ {[%emt 0:03:10]}
Kh6 {[%emt 0:00:04]} 38. Qc4 {[%emt 0:02:08]} Kh7 1/2-1/2

[Event "71st RUS-ch Superfinal Women 2021"]
[Site "Ufa"]
[Date "2021.10.20"]
[Round "11.2"]
[White "Pogonina, Natalija"]
[Black "Garifullina, Leya"]
[Result "1/2-1/2"]
[WhiteElo "2467"]
[BlackElo "2409"]
[Annotator "ChessBase"]
[PlyCount "89"]
[EventDate "2021.10.09"]
[EventType "tourn"]
[EventCountry "RUS"]
[SourceTitle "playchess.com"]
[Source "ChessBase"]
[SourceQuality "1"]
[TimeControl "40/5400+30:1800+30"]

1. Nf3 {[%emt 0:00:07]} d5 {[%emt 0:00:06]} 2. g3 {[%emt 0:00:14]} Nf6 {
[%emt 0:00:06]} 3. Bg2 {[%emt 0:00:41]} e6 {[%emt 0:00:05]} 4. c4 {[%emt 0:00:
23]} Be7 {[%emt 0:00:04]} 5. d4 {[%emt 0:00:25]} O-O {[%emt 0:00:08]} 6. Nc3 {
[%emt 0:00:20]} dxc4 {[%emt 0:02:21]} 7. Ne5 {[%emt 0:00:34]} Nc6 {[%emt 0:00:
21]} 8. Bxc6 {[%emt 0:01:25]} bxc6 {[%emt 0:00:04]} 9. Nxc6 {[%emt 0:00:06]}
Qe8 {[%emt 0:00:02]} 10. Nxe7+ {[%emt 0:00:15]} Qxe7 {[%emt 0:00:03]} 11. Qa4 {
[%emt 0:00:38]} Bb7 {[%emt 0:04:13]} 12. O-O {[%emt 0:10:33]} Bd5 {[%emt 0:06:
03]} 13. Bg5 {[%emt 0:07:41]} Qd7 {[%emt 0:01:37]} 14. Qxd7 {[%emt 0:14:08]}
Nxd7 {[%emt 0:00:17]} 15. e4 {[%emt 0:00:16]} Bb7 {[%emt 0:02:35]} 16. Rad1 {
[%emt 0:05:51]} Nb6 {[%emt 0:03:33]} 17. Rfe1 {[%emt 0:02:39]} Rac8 {[%emt 0:
11:10]} 18. a4 {[%emt 0:05:35]} a5 {[%emt 0:03:57]} 19. Be7 {[%emt 0:06:23]}
Rfe8 {[%emt 0:00:10]} 20. Bc5 {[%emt 0:00:08]} Nd7 {[%emt 0:01:15]} 21. Ba3 {
[%emt 0:01:17]} Nb6 {[%emt 0:00:07]} 22. Bc5 {[%emt 0:09:32]} Nd7 {[%emt 0:00:
05]} 23. Ba7 {[%emt 0:00:11]} Ra8 {[%emt 0:01:26]} 24. Nb5 {[%emt 0:02:43]}
Rec8 {[%emt 0:03:29]} 25. d5 {[%emt 0:11:32]} Ne5 {[%emt 0:04:29]} 26. Re3 {
[%emt 0:00:12]} c6 {[%emt 0:26:46]} 27. Nd6 {[%emt 0:02:36]} Rc7 {[%emt 0:01:
53]} 28. Nxb7 {[%emt 0:08:22]} Rxb7 {[%emt 0:02:18]} 29. Bd4 {[%emt 0:00:08]}
Nd3 {[%emt 0:00:41]} 30. dxc6 {[%emt 0:02:14]} Rb3 {[%emt 0:03:53]} 31. Bc3 {
[%emt 0:03:25]} Rb6 {[%emt 0:01:06]} 32. c7 {[%emt 0:00:43]} Rc6 {[%emt 0:00:
03]} 33. Bxa5 {[%emt 0:04:05]} Rxa5 {[%emt 0:02:03]} 34. Rexd3 {[%emt 0:00:16]}
cxd3 {[%emt 0:00:02]} 35. Rxd3 {[%emt 0:00:06]} g5 {[%emt 0:00:07]} 36. Rd8+ {
[%emt 0:00:34]} Kg7 {[%emt 0:00:02]} 37. c8=Q {[%emt 0:00:07]} Rxc8 {[%emt 0:
00:02]} 38. Rxc8 {[%emt 0:00:09]} Rxa4 {[%emt 0:00:01]} 39. f3 {[%emt 0:01:27]}
Rb4 {[%emt 0:00:13]} 40. Rc2 {[%emt 0:00:00]} Kf6 {[%emt 0:00:00]} 41. Kg2 {
[%emt 0:17:47]} Ke5 {[%emt 0:03:09]} 42. Kh3 {[%emt 0:01:09]} h5 {[%emt 0:00:
38]} 43. Rc5+ {[%emt 0:02:58]} Kf6 {[%emt 0:00:07]} 44. Rc2 {[%emt 0:00:58]}
Ke5 {[%emt 0:00:03]} 45. Rc5+ {[%emt 0:00:05]} 1/2-1/2

[Event "71st RUS-ch Superfinal Women 2021"]
[Site "Ufa"]
[Date "2021.10.20"]
[Round "11.3"]
[White "Voit, Daria"]
[Black "Kashlinskaya, Alina"]
[Result "1/2-1/2"]
[WhiteElo "2357"]
[BlackElo "2493"]
[Annotator "ChessBase"]
[PlyCount "106"]
[EventDate "2021.10.09"]
[EventType "tourn"]
[EventCountry "RUS"]
[SourceTitle "playchess.com"]
[Source "ChessBase"]
[SourceQuality "1"]
[TimeControl "40/5400+30:1800+30"]

1. Nf3 {[%emt 0:00:04]} d5 {[%emt 0:00:13]} 2. g3 {[%emt 0:00:26]} c6 {[%emt 0:
00:45]} 3. Bg2 {[%emt 0:00:38]} Bg4 {[%emt 0:00:22]} 4. d3 {[%emt 0:02:46]} Nd7
{[%emt 0:01:36]} 5. O-O {[%emt 0:00:58]} Ngf6 {[%emt 0:00:40]} 6. Nbd2 {
[%emt 0:01:35]} e5 {[%emt 0:00:29]} 7. h3 {[%emt 0:01:24]} Bh5 {[%emt 0:00:48]}
8. e4 {[%emt 0:06:54]} dxe4 {[%emt 0:00:34]} 9. dxe4 {[%emt 0:00:19]} Bc5 {
[%emt 0:00:26]} 10. Qe2 {[%emt 0:01:52]} O-O {[%emt 0:00:59]} 11. Nb3 {[%emt 0:
09:19]} Bb6 {[%emt 0:04:57]} 12. Be3 {[%emt 0:07:43]} Re8 {[%emt 0:01:12]} 13.
Rad1 {[%emt 0:11:42]} Qc7 {[%emt 0:01:56]} 14. Rfe1 {[%emt 0:10:16]} Bxe3 {
[%emt 0:22:57]} 15. Qxe3 {[%emt 0:00:39]} c5 {[%emt 0:03:29]} 16. Nbd2 {
[%emt 0:07:52]} c4 {[%emt 0:02:31]} 17. Nb1 {[%emt 0:01:37]} Nc5 {[%emt 0:01:
55]} 18. Nc3 {[%emt 0:00:21]} Bxf3 {[%emt 0:16:50]} 19. Bxf3 {[%emt 0:00:53]}
Rad8 {[%emt 0:00:11]} 20. Be2 {[%emt 0:13:14]} Ne6 {[%emt 0:02:15]} 21. Rxd8 {
[%emt 0:00:53]} Rxd8 {[%emt 0:00:32]} 22. Qxa7 {[%emt 0:00:29]} Nd4 {[%emt 0:
02:41]} 23. Qa4 {[%emt 0:11:50]} Qc5 {[%emt 0:09:03]} 24. Bd1 {[%emt 0:01:17]}
h5 {[%emt 0:00:21]} 25. a3 {[%emt 0:02:13]} h4 {[%emt 0:03:42]} 26. g4 {
[%emt 0:00:19]} Ne6 {[%emt 0:02:14]} 27. Re3 {[%emt 0:00:31]} Nf4 {[%emt 0:01:
50]} 28. Be2 {[%emt 0:01:25]} Rc8 {[%emt 0:09:00]} 29. Qb5 {[%emt 0:00:53]} Qc7
{[%emt 0:00:32]} 30. Bf1 {[%emt 0:02:04]} Ne6 {[%emt 0:00:17]} 31. Nd5 {
[%emt 0:00:30]} Nxd5 {[%emt 0:00:30]} 32. exd5 {[%emt 0:00:12]} Nd4 {[%emt 0:
00:29]} 33. d6 {[%emt 0:00:16]} Qxd6 {[%emt 0:00:29]} 34. Qxb7 {[%emt 0:00:18]}
Rb8 {[%emt 0:00:41]} 35. Qe4 {[%emt 0:02:18]} Rxb2 {[%emt 0:00:36]} 36. c3 Qf6
37. f3 {[%emt 0:02:02]} Nc2 {[%emt 0:07:48]} 38. Re2 {[%emt 0:00:03]} Qb6+ {
[%emt 0:00:09]} 39. Kh1 {[%emt 0:00:53]} Qb3 {[%emt 0:03:14]} 40. Qa8+ {
[%emt 0:00:00]} Kh7 {[%emt 0:00:00]} 41. Rxe5 {[%emt 0:06:14]} Qb7 {[%emt 0:03:
12]} 42. Qxb7 {[%emt 0:10:16]} Rxb7 {[%emt 0:00:20]} 43. Bxc4 {[%emt 0:00:03]}
Nxa3 {[%emt 0:00:49]} 44. Bd3+ {[%emt 0:01:52]} g6 {[%emt 0:00:10]} 45. c4 {
[%emt 0:07:21]} Rb3 {[%emt 0:03:21]} 46. Rd5 {[%emt 0:00:04]} Rc3 {[%emt 0:00:
55]} 47. c5 {[%emt 0:00:11]} Nc2 {[%emt 0:01:22]} 48. Be4 {[%emt 0:00:28]} Ne3
{[%emt 0:01:51]} 49. Rd7 {[%emt 0:02:20]} Rxc5 {[%emt 0:04:50]} 50. Rxf7+ {
[%emt 0:00:05]} Kg8 {[%emt 0:00:08]} 51. Bxg6 {[%emt 0:00:49]} Rc1+ {[%emt 0:
00:12]} 52. Kh2 {[%emt 0:00:02]} Rf1 {[%emt 0:00:12]} 53. g5 {[%emt 0:04:27]}
Rf2+ {[%emt 0:00:08]} 1/2-1/2

[Event "71st RUS-ch Superfinal Women 2021"]
[Site "Ufa"]
[Date "2021.10.20"]
[Round "11.4"]
[White "Galliamova, Alisa"]
[Black "Guseva, Marina"]
[Result "1/2-1/2"]
[WhiteElo "2421"]
[BlackElo "2394"]
[Annotator "ChessBase"]
[PlyCount "65"]
[EventDate "2021.10.09"]
[EventType "tourn"]
[EventCountry "RUS"]
[SourceTitle "playchess.com"]
[Source "ChessBase"]
[SourceQuality "1"]
[TimeControl "40/5400+30:1800+30"]

1. d4 {[%emt 0:00:03]} Nf6 {[%emt 0:00:03]} 2. c4 {[%emt 0:00:24]} e6 {[%emt 0:
00:04]} 3. Nf3 {[%emt 0:00:05]} b6 {[%emt 0:00:03]} 4. g3 {[%emt 0:00:07]} Ba6
{[%emt 0:00:04]} 5. b3 {[%emt 0:00:06]} Bb4+ {[%emt 0:00:03]} 6. Bd2 {[%emt 0:
00:07]} Be7 {[%emt 0:00:04]} 7. Nc3 {[%emt 0:00:11]} O-O {[%emt 0:00:24]} 8.
Bg2 {[%emt 0:04:44]} c6 {[%emt 0:00:04]} 9. O-O {[%emt 0:00:53]} d5 {[%emt 0:
00:06]} 10. Bf4 {[%emt 0:01:51]} Nbd7 {[%emt 0:14:11]} 11. Qd3 {[%emt 0:00:52]}
Rc8 {[%emt 0:04:56]} 12. Rac1 {[%emt 0:00:28]} dxc4 {[%emt 0:10:23]} 13. bxc4 {
[%emt 0:00:06]} Nd5 {[%emt 0:00:17]} 14. Bd2 {[%emt 0:32:32]} Nb4 {[%emt 0:40:
39]} 15. Qb1 {[%emt 0:00:36]} Bxc4 {[%emt 0:00:22]} 16. Nd1 {[%emt 0:04:21]}
Bxe2 {[%emt 0:00:05]} 17. Bxb4 {[%emt 0:00:06]} Bxb4 {[%emt 0:00:14]} 18. Qxb4
{[%emt 0:00:07]} Bxf1 {[%emt 0:00:05]} 19. Bxf1 {[%emt 0:09:12]} c5 {[%emt 0:
00:03]} 20. Qa4 {[%emt 0:12:30]} cxd4 {[%emt 0:00:05]} 21. Rxc8 {[%emt 0:00:15]
} Qxc8 {[%emt 0:00:03]} 22. Nxd4 {[%emt 0:01:46]} Nc5 {[%emt 0:01:56]} 23. Qc4
{[%emt 0:01:16]} Rd8 {[%emt 0:01:15]} 24. Nc3 {[%emt 0:03:38]} Qd7 {[%emt 0:02:
29]} 25. Nf3 {[%emt 0:01:41]} a6 {[%emt 0:06:17]} 26. a4 {[%emt 0:06:14]} Qc6 {
[%emt 0:05:43]} 27. Be2 {[%emt 0:02:36]} Rc8 {[%emt 0:01:31]} 28. Kg2 {[%emt 0:
09:08]} h6 {[%emt 0:07:51]} 29. h4 {[%emt 0:00:44]} Qb7 {[%emt 0:03:23]} 30.
Qb4 {[%emt 0:03:42]} Qc6 {[%emt 0:00:27]} 31. Qc4 {[%emt 0:00:23]} Qb7 {
[%emt 0:00:36]} 32. Qb4 {[%emt 0:00:05]} Qc6 {[%emt 0:00:53]} 33. Qc4 1/2-1/2